00512 2200205 4500001002100000005001500021008004100036020001800077035001900095041000700114082001400121090001700135100002100152245003500173260002800208300001700236650001500253990001900268990001900287INLIS00000000000531620241224113058241224||||||||| | ||| |||| || |  a979-692-960-0 0010-1224005316 aid0 a592:03:00 a592.03 TAM E0 aTamara Nurmutiah00aENSIKLOPEDIA ANAK INVERTEBRATA bRemaja Rosdakaryac2009 a60 HLM,;28CM 0aIlmu Murni a05.17.01.01.04 a05.17.01.06.09